000 01695nam a2200325 i 4500
001 991061720912206706
003 ES-BaIT
005 20260219141440.0
008 260219e202401 fr a r 000 d fre c
020 _a9782749816272
040 _aES-BaIT
_bcat
_erda
_cES-BaIT
080 _a840-2"20"
100 1 _aAzzopardi, Sébastien,
_d1975-
_eautor
_9168550
245 1 0 _aMa version de l'histoire /
_cSébastien Azzopardi
264 1 _aParis :
_bL'avant-scène théâtre,
_cjanvier 2024
300 _a121 pàgines, 11 pàgines de làmines sense numerar :
_bil·lustracions ;
_c21 cm
336 _atext
_btxt
_2rdacontent
336 _aimatge fixa
_bsti
_2rdacontent
337 _asense mediació
_bn
_2rdamedia
338 _avolum
_bnc
_2rdacarrier
490 1 _aL'Avant-Scène théâtre ;
_vno 1554
500 _aP11: D6, H5
500 _aPublicat com no 1554 ( janvier 2024) de la revista L'Avant-scène théâtre
500 _aEstrena Théâtre MIchel, el 10 de gener 2024
520 _a"Lorsqu'une séduisante professeure de guitare fait irruption dans la vie de Sam et Valentine, ce sont vingt années de mariage, d'amour, de désirs contrairés et d'incompréhensions mutuelles qui sont remises en question. Qui a raison, qui a tort, à qui la mémoire joue-t-elle des tours et peut-on réellement s'accorder sur une seule et même façon de raconter une histoire? Ce sont ces questions aussi savoureuses qu'éternelles sur le couple que Sábastien Azzopardi explore dans cette comédie tantôt tendre, tantôt cruelle, mais toujours inspirée"-- Contracoberta
830 _aAvant-scène.
_pThéâtre
_vno 1554
_9168170
908 _aCDMAE
940 _aCDMAE
942 _2udc
_c1
999 _c137091
_d137091